| 000 | 01179nam a22002537a 4500 | ||
|---|---|---|---|
| 005 | 20170124103202.0 | ||
| 010 | _aB-186327 | ||
| 020 | _c250.00 | ||
| 035 | _aB-186327 | ||
| 037 | _bCen Lib/Ret | ||
| 040 |
_aDPL _bHN |
||
| 082 |
_a954.0841 _bक्रांतिका |
||
| 245 |
_aक्रांतिकारियों के ऐतिहासिक दस्तावेज / _cसम्पादक वचनेश त्रिपाठी |
||
| 246 |
_aKrantikariyon ke aetihasik dastavez / _bsampadak Vachnesh Tripathi |
||
| 260 |
_aदिल्ली _bअखिल भारती _c2005 |
||
| 270 |
_bदिल्ली _a3014 चर्खेवालान _e110006 |
||
| 300 |
_a258पृ. _c20सेमी(सजिल्द) |
||
| 650 |
_aक्रान्तिकारी -- क्षणिक दर्शन _984725 |
||
| 650 |
_aक्रान्तिकारी -- भारत _992327 |
||
| 650 |
_aRevolutionary - momentary vision _992328 |
||
| 650 |
_aRevolutionary - India _978938 |
||
| 700 |
_aत्रिपाठी, वचनेश _992329 |
||
| 942 |
_2ddc _cHN _h954.0841 _mक्रांतिका |
||
| 999 |
_c120741 _d120741 |
||